00837nam a22002417a 450000500170000001000130001702000210003003500130005103700160006404000120008008200160009210000260010824500590013426000460019327000510023930000260029050000430031665000290035965000400038894200250042899900190045395201230047220170124110202.0 aB-045402 c00.00a812590932 aB-045402 bCen Lib/Ret aDPLbEN a005.01bMOH aMohammed Azam 936464 aProgramming with visual basic 6.0 /cby Mohammed Azam  aNew Delhi bVikas Publishing House c2000 a576, masjid road, jangpura bNew Delhie110014 axxii, 456p.c23cm(Hb) aIncludes appendix, glossary and index  aComputer science 936465 aProgramming language (Basic)936466 2ddccENh005.01mMOH c133001d133001 00104070aLbLd2015-07-24eCen Lib/Retg0.00l0o005.01 MOHpB-045402r2015-07-24 00:00:00t1v0.00w2015-07-24yEN